Možnosti určenia nákladov vlastného kapitálu podniku

Teoretické východiská nákladov na vlastný kapitál. Hodnotenie možnosti určenia nákladov vlastného kapitálu v spoločnosti s ručením obmedzeným - príklad. Odporúčanou metódou určenia nákladov vlastného kapitálu podniku je stavebnicová metóda, model INFA, ktorá je založená na subjektívnom hodnotení riz...

Descripción completa

Guardado en:
Detalles Bibliográficos
Autor principal: Podmajerská, Katarína
Formato: Capítulo de libro
Lenguaje:eslovaco
Materias:
Etiquetas: Agregar Etiqueta
Sin Etiquetas, Sea el primero en etiquetar este registro!

MARC

LEADER 00000nla a2200000 4500
001 0180341
005 20240502073054.1
041 0 |a slo 
044 |a SK 
245 1 0 |a Možnosti určenia nákladov vlastného kapitálu podniku  |c Katarína Podmajerská 
520 |a Teoretické východiská nákladov na vlastný kapitál. Hodnotenie možnosti určenia nákladov vlastného kapitálu v spoločnosti s ručením obmedzeným - príklad. Odporúčanou metódou určenia nákladov vlastného kapitálu podniku je stavebnicová metóda, model INFA, ktorá je založená na subjektívnom hodnotení rizika. Model oceňovania kapitálových aktív (CAPM). Porovnanie modelu CAPM a INFA. 
610 2 0 |a podnik 
610 2 0 |a kapitál vlastný 
610 2 0 |a náklady 
610 2 0 |a metódy 
610 2 0 |a modely 
100 1 |a Podmajerská, Katarína